[Event "Manitoba-ch Seniors"]
[Site "Winnipeg"]
[Date "2017.12.09"]
[Round "2"]
[White "Boron, Anthony"]
[Black "Beaudry, Claude"]
[Result "1-0"]
[WhiteElo "2074"]
[BlackElo "1455"]
[PlyCount "55"]
[EventDate "2017.12.09"]
[EventType "tourn"]
[EventRounds "5"]
[EventCountry "CAN"]
[SourceTitle "EXT 2022"]
[Source "ChessBase"]
[SourceDate "2021.10.06"]
[SourceVersion "1"]
[SourceVersionDate "2021.10.06"]
[SourceQuality "1"]

1. e4 e5 2. Nf3 Nc6 3. Bc4 h6 4. d4 a6 5. dxe5 b5 6. Bd5 Nge7 7. 0-0 Bb7 8. Re1 Qb8 9. Bf4 g5 10. Bg3 Bg7 11. Nc3 Nb4 12. a3 c6 13. Bxf7+ Kxf7 14. e6+ dxe6 15. Bxb8 Raxb8 16. axb4 Rhd8 17. Qe2 Rd7 18. Rad1 Rbd8 19. Rxd7 Rxd7 20. Rd1 Rxd1+ 21. Qxd1 Bxc3 22. bxc3 Bc8 23. Qd8 c5 24. Ne5+ Kf6 25. Nc6 Kf7 26. Qxe7+ Kg6 27. g4 cxb4 28. Ne5# 1-0